banner-ar

المسرح والعالم الاداء وفن السياسة الثقافية / (Record no. 46684)

MARC details
000 -الفاتح
حقل البيانات ثابتة الطول 00586nam a2200193Ia 4500
008 - عناصر البيانات ثابتة الطول - معلومات عامة
حقل البيانات ثابتة الطول 140319s9999 xx 000 0 ara d
040 ## - مصدر الفهرسة
وكالة الفهرسة الأصلية GCL /
وكالة النسخ GCL
082 04 - رقم تصنيف ديوى العشرى
رقم التصنيف 792.9
رقم المادة ب م
100 1# - المدخل الرئيسى - إسم شخصى
الإسم الشخصى بهاروشار روستم
245 10 - بيان العنوان
العنوان المسرح والعالم الاداء وفن السياسة الثقافية /
بيان المسئوليه,etc بهاروشار روستم
700 1# - المدخل الاضافى - اسم شخصى
الإسم الشخصى امين حسين الرباط
700 1# - المدخل الاضافى - اسم شخصى
الإسم الشخصى احمد كامل متولى
300 ## - الوصف المادى
التعداد 420
490 ## - بيان السلسلة
عنوان السلسلة 100 قصة
رقم المجلد/ التعيين التسلسلي 0
650 04 - المدخل الاضافى بالموضوع-مصطلح موضوعى
مصطلح موضوعي المسرح
650 04 - المدخل الاضافى بالموضوع-مصطلح موضوعى
مصطلح موضوعي المسرح - نقد
942 ## - عناصر المدخل الإضافي( كوها)
مصدر التصنيف او مخطط الترفيف Dewey Decimal Classification
Koha [default] item type كتاب
Holdings
حالة التراجع حالة الفقد حالة تلف ليس للاعارة المكان المؤقت الموقع الحالى تاريخ الاكتساب اجمالي اﻻعارات رقم الطلب الباركود تاريخ اخر مشاهدة تاريخ تفعيل السعر نوع وعاء كوها
        مكتبة القاهرة الكبرى مكتبة القاهرة الكبرى 03/26/2014   792.9\ ب م 113608 03/26/2014 03/26/2014 كتاب
        مكتبة القاهرة الكبرى مكتبة القاهرة الكبرى 03/26/2014   792.9\ ب م 113609 03/26/2014 03/26/2014 كتاب
        مكتبة القاهرة الكبرى مكتبة القاهرة الكبرى 03/26/2014   792.9\ ب م 113610 03/26/2014 03/26/2014 كتاب

Powered By

EGPV